| 000 | 00981nac a22002897a 4500 | ||
|---|---|---|---|
| 001 | BR7805649 | ||
| 003 | BR-BrBNA | ||
| 005 | 20240105114306.0 | ||
| 008 | 230509b bl.|||m| |||| 00| 0 por d | ||
| 040 |
_aBR-BrBNA _bpor _cBiblioteca Nacional de Agricultura |
||
| 072 | _aE50; E10; E70 | ||
| 090 | _aE50 BR7805649 | ||
| 110 | 1 |
_aInstituto Brasileiro de Informacao em Ciencia e Tecnologia, Rio de Janeiro, RJ _95799 |
|
| 245 | 1 | _aBibliografia brasileira de Ciencias sociais 1975/1977 [Sociologia rural; Economia agricola] | |
| 260 | 3 |
_aRio de Janeiro, RJ (Brasil): _c1978. |
|
| 300 | _a188 p. | ||
| 490 |
_aBibliografia Brasileira de Ciencias Sociais (Brazil) _vv. 23 (pt. 1) _xISSN 0067-6608 |
||
| 650 | _aSociologia rural | ||
| 650 | _aMacroeconomia | ||
| 650 | _aComercializacao | ||
| 650 | _aEconomia agricola | ||
| 650 | _aIndustria | ||
| 650 | _aMercado | ||
| 650 | _aBibliografia | ||
| 909 |
_a202312 _bLúcia Elande _c55 _dLúcia Elande |
||
| 942 |
_2AGRIS _n0 _cMS |
||
| 999 |
_c268498 _d268498 |
||